Bảo dưỡng thiết bị điện của các xí nghiệp công nghiệp
Guardat en:
| Autor principal: | |
|---|---|
| Format: | Llibre |
| Idioma: | Undetermined |
| Publicat: |
Hà Nội
Công Nhân Kỹ thuật
1984
|
| Matèries: | |
| Etiquetes: |
Afegir etiqueta
Sense etiquetes, Sigues el primer a etiquetar aquest registre!
|
| Thư viện lưu trữ: | Trung tâm Học liệu Trường Đại học Cần Thơ |
|---|
| LEADER | 00655nam a2200193Ia 4500 | ||
|---|---|---|---|
| 001 | CTU_21764 | ||
| 008 | 210402s9999 xx 000 0 und d | ||
| 082 | |a 621.3 | ||
| 082 | |b T867 | ||
| 100 | |a Trunkovsky, L. E. | ||
| 245 | 0 | |a Bảo dưỡng thiết bị điện của các xí nghiệp công nghiệp | |
| 245 | 0 | |c L. E. Trunkovsky | |
| 260 | |a Hà Nội | ||
| 260 | |b Công Nhân Kỹ thuật | ||
| 260 | |c 1984 | ||
| 650 | |a Electric apparatus and appliance,Electric apparatus and appliance | ||
| 650 | |x Maintenance and repair,Protection | ||
| 904 | |i Minh, 980119 | ||
| 980 | |a Trung tâm Học liệu Trường Đại học Cần Thơ | ||